Normal view
MARC view
- هندسة الطرق -- المباني -- مواصفات معيارية -- الأردن
Entry Topical Term
001 - CONTROL NUMBER
- control field: 51714
003 - CONTROL NUMBER IDENTIFIER
- control field: JO-AjAnu
005 - DATE AND TIME OF LATEST TRANSACTION
- control field: 20230606082515.0
008 - FIXED-LENGTH DATA ELEMENTS
- fixed length control field: 230606|| aca||aabn | a|a d
040 ## - CATALOGING SOURCE
- Original cataloging agency: JO-AjAnu
- Transcribing agency: JO-AjAnu
150 ## - HEADING--TOPICAL TERM
- Topical term or geographic name entry element: هندسة الطرق -- المباني -- مواصفات معيارية -- الأردن
670 ## - SOURCE DATA FOUND
- Source citation: Work cat.: (JO-AjAnu)26433: إعداد أمجد البرغوثي، أحمد التل، يوسف مسنات؛ مراجعة جمال قطيشات وآخرون, author 51713, مجلس البناء الوطني الأردني، وزارة الأشغال العامة والإسكان: كودة تحريات واستطلاع الموقع للطرق